Estudios del sistema de financiacin̤ autonm̤ica

Bibliographic Details
Other Authors: Přez de Ayala, Jos ̌Luis (coord.), Villar Ezcurra, Marta (coord.)
Format: Unknown
Language:Spanish
Published: Madrid : Edersa, 2005
Subjects:
Online Access:Acceso restringido

MARC

LEADER 00000ny a22000003n 4500
005 2011060905255.0
008 080611s2005 sp s 000 0 spa c
020 |a 8484940578 
035 |a 563 
040 |a UMA.RE  |d vLex 
080 |a 336.143:353.9.072.8(460)(0.034) 
080 |a 353.9.072.8:336.143(460)(0.034) 
090 |c 586  |d 586 
245 0 0 |a Estudios del sistema de financiacin̤ autonm̤ica  |h [Recurso electrn̤ico]  |c coordinados por Jos ̌Luis Přez de Ayala ; Marta Villar Ezcurra ... [et al.] 
256 |a Servicio en ln̕ea 
260 |a Madrid :  |b Edersa,  |c 2005 
300 |a p. ;  |c cm 
506 1 |a Contenido solo disponible en los productos indicados  |d vLex Global  |d vLex Global (Academic Edition, excluding Law Schools)  |d vLex Global (U.S. Academic Edition, Law Schools)  |d vLex Global (U.S. Academic Edition, excluding Law Schools)  |d vLex Global (Academic Edition, Law Schools) 
650 0 7 |a Penal  |2 Tesauro vLex 
650 0 7 |a Polt̕ica fiscal  |2 Tesauro vLex 
650 0 7 |a Autonoma̕ financiera  |2 Tesauro vLex 
700 1 |a Přez de Ayala, Jos ̌Luis,  |e coord. 
700 1 |a Villar Ezcurra, Marta,  |e coord. 
740 0 |a vLex Libros (Servicios en ln̕ea) 
856 4 0 |u http://vlex.com/source/563  |z Acceso restringido 
942 |c BOOK 
999 0 |a Criminal Law  |b Madrid